16 Fairly Difficult Flags #2 - Statistics

General Stats
  • This quiz has been taken 10 times
  • The average score is 4 of 16
Answer Stats
Picture Answer % Correct
Guam
100%
Macau
67%
Saba
56%
Wallis and Futuna
44%
Amsterdam
33%
Nunavut
33%
Jerusalem
22%
Sikh
22%
Svalbard
22%
Aerican Empire
11%
Demiboy
11%
Nagasaki
11%
200 Years of Russia in Antarctica Commemorative Flag
0%
Byrd Expedition
0%
Proposed Flag of Armenia
0%
Serbia (old)
0%
No matching quizzes found
Score Distribution
Percent of People with Each Score
Percentile by Number Answered
Your Score History
You have not taken this quiz